|
|
|
|
| LEADER |
01518nam a2200313 4500 |
| 001 |
c000139493 |
| 003 |
CARM |
| 005 |
00000000000000.0 |
| 008 |
710921s1971 au a b 10100 eng |
| 015 |
|
|
|a Au***
|
| 019 |
1 |
|
|a 477944
|5 LACONCORD2021
|
| 035 |
|
|
|a (OCoLC)201738
|5 LACONCORD2021
|
| 041 |
0 |
|
|a engfrerusspa
|
| 050 |
0 |
0 |
|a TK1078
|b .S92 1970
|
| 111 |
2 |
0 |
|a Symposium on Economic Integration of Nuclear Power Stations
|d (1970 :
|c Vienna, Austria)
|
| 245 |
1 |
0 |
|a Economic integration of nuclear power stations in electric power systems.
|b Proceedings of the symposium ...
|c jointly organized by the International Atomic Energy Agency and the Economic Commission for Europe of the United Nations and held in Vienna, 5-9 Oct. 1970.
|
| 260 |
|
|
|a Vienna,
|b International Atomic Energy Agency,
|c 1971.
|
| 300 |
|
|
|a 738 p.
|b illus., diagrs., tables.
|c 24 cm.
|
| 490 |
1 |
|
|a Proceedings series
|
| 500 |
|
|
|a "STI/PUB/266."
|
| 500 |
|
|
|a In English, French, Russian, or Spanish; abstracts in English.
|
| 504 |
|
|
|a Includes bibliographical references.
|
| 650 |
|
0 |
|a Nuclear power plants
|x Congresses.
|
| 710 |
2 |
0 |
|a International Atomic Energy Agency.
|
| 710 |
2 |
0 |
|a United Nations.
|b Economic Commission for Europe
|
| 830 |
|
0 |
|a Proceedings series (International Atomic Energy Agency)
|
| 852 |
8 |
|
|b CARM
|h A2:AF26D0
|i C01362
|p 0078279
|f BK
|
| 999 |
f |
f |
|i 35d3d197-9860-5640-b11e-a5798eba7d96
|s cb9514e8-23bb-5eb0-90cf-9389afcd0933
|
| 952 |
f |
f |
|p Can circulate
|a CAVAL
|b CAVAL
|c CAVAL
|d CARM 1 Store
|e C01362
|f A2:AF26D0
|h Other scheme
|i book
|m 0078279
|